000 00841nam a2200253Ia 4500
003 OSt
005 20221005111621.0
006 a|||||r|||| 00| 0
007 ta
008 221004b |||||||| |||| 00| 0 hin d
024 _a107268
037 _cTextual
040 _aCRL
_cCRL
_bhin
041 _2hin
_ahin
082 _aO15,1Lg(P), 152J9
100 _aत्रिपाठी, गिरिजादत्त
245 0 _aकाव्य - समीक्षा
246 _aKāvya - samīkṣhā
260 _aपटना
_bपुस्तक - भंडार भारत
_c1959
300 _a309पृ0
_ccm.
650 _aसंस्कृत साहित्य
942 _hO15,1Lg(P), 152J9
_cTEXL
_2cc
999 _c1022369
_d1022369